All 40 Home Run Hitters in Philadelphia Phillies History - Statistics

General Stats
  • This quiz has been taken 308 times
  • The average score is 4 of 7
Answer Stats
Years Player % Correct
1983, 1980, 1979 Mike Schmidt
96%
2009, 2008, 2007, 2006 Ryan Howard
96%
2023, 2022 Kyle Schwarber
90%
2004, 2003 Jim Thome
55%
1966 Dick Allen
39%
1930, 1929 Chuck Klein
33%
1923 Cy Williams
14%
No matching quizzes found
Score Distribution
Percent of People with Each Score
Percentile by Number Answered
Your Score History
You have not taken this quiz